Daily U.S. State Riddle #21 - Statistics

General Stats
  • This quiz has been taken 97 times
  • The average score is 31 of 33
Answer Stats
Type Answer % Correct
Alphabet Letter A
100%
Alphabet Letter I
100%
Found Letter O
100%
Alphabet Letter S
100%
Alphabet Letter W
100%
Found Letter E
99%
Alphabet Letter M
99%
Found Letter N
99%
Alphabet Letter H
98%
Alphabet Letter L
98%
Alphabet Letter C
96%
Alphabet Letter D
96%
Alphabet Letter K
96%
Found Letter R
96%
Alphabet Letter T
96%
Alphabet Letter F
94%
Found Letter G
94%
Alphabet Letter Y
93%
Alphabet Letter U
92%
Alphabet Letter X
92%
Alphabet Letter B
90%
Alphabet Letter V
90%
Alphabet Letter Z
89%
Alphabet Letter P
88%
Alphabet Letter J
87%
Correctly Placed Letter E
84%
Correctly Placed Letter G
84%
Correctly Placed Letter N
84%
Correctly Placed Letter O
84%
Correctly Placed Letter O
84%
Mystery U.S. State Oregon
84%
Alphabet Letter Q
84%
Correctly Placed Letter R
84%
No matching quizzes found
Score Distribution
Percent of People with Each Score
Percentile by Number Answered
Your Score History
You have not taken this quiz